书目信息 |
| 题名: |
解密开国大典
|
|
| 作者: | 高小林 , 綦军 编著 | |
| 分册: | ||
| 出版信息: | 北京 中共党史出版社 2006 |
|
| 页数: | 375页 | |
| 开本: | 23cm | |
| 丛书名: | ||
| 单 册: | ||
| 中图分类: | K270.6 | |
| 科图分类: | ||
| 主题词: | ||
| 电子资源: | ||
| ISBN: | 7-80199-107-9 | |
| 000 | 00860nam0 2200253 450 | |
| 001 | 002770438 | |
| 005 | 20061119101413.70 | |
| 010 | @a7-80199-107-9@dCNY36.00 | |
| 100 | @a20050420d2006 em y0chiy0110 ea | |
| 101 | 0 | @achi |
| 102 | @aCN@b110000 | |
| 105 | @aa z 000yy | |
| 200 | 1 | @a解密开国大典@9jie mi kai guo da dian@f高小林,綦军编著 |
| 205 | @a增订版 | |
| 210 | @a北京@c中共党史出版社@d2006 | |
| 215 | @a375页@c照片@d23cm | |
| 330 | @a本书以开国大典的筹备、举行为主线,记录了开国前后中国各个阶层人们的亲身经历和不同感受,以及在那一时刻的心理感受和周围社会环境的变化,从而刻画了整个国家是怎样经历了那段难忘的岁月。 | |
| 607 | @a中华人民共和国@x成立@j史料 | |
| 607 | @a中华人民共和国 | |
| 690 | @aK270.6@v4 | |
| 701 | 0 | @a高小林@9gao xiao lin@4编著 |
| 701 | 0 | @a綦军@9qi jun@4编著 |
| 801 | 0 | @aCN@bNLC@c20061119 |
| 905 | @a10447@dK270.6@e37 | |
| 解密开国大典/高小林,綦军编著.-增订版.-北京:中共党史出版社,2006 |
| 375页:照片;23cm |
| ISBN 7-80199-107-9:CNY36.00 |
| 本书以开国大典的筹备、举行为主线,记录了开国前后中国各个阶层人们的亲身经历和不同感受,以及在那一时刻的心理感受和周围社会环境的变化,从而刻画了整个国家是怎样经历了那段难忘的岁月。 |
| ● |
| 相关链接 |
|
|
|
|
正题名:解密开国大典
索取号:K270.6/37
 
预约/预借
| 序号 | 登录号 | 条形码 | 馆藏地/架位号 | 状态 | 备注 |
| 1 | 0393429 | 203934298 | 第二样本阅览室/ [索取号:K270.6/37] | 在馆 | |
| 2 | 0393430 | 203934305 | 第二借阅区/ [索取号:K270.6/37] | 在馆 | |
| 3 | 0393431 | 203934314 | 第二借阅区/ [索取号:K270.6/37] | 在馆 | |
| 4 | 0393432 | 203934323 | 第二借阅区/ [索取号:K270.6/37] | 在馆 | |
| 5 | 0393433 | 203934332 | 第二借阅区/ [索取号:K270.6/37] |
已借出,限还日期为2009.06.10 借出人:刘阳阳 |